[Event "Eurasia Open Cup 2018"]
[Site "Jekaterienburg"]
[Date "2018.08.03"]
[Round "3"]
[White "Fokin, Sergey"]
[Black "Yeletsky, Ivan"]
[Result "1-0"]
[WhiteElo "2186"]
[BlackElo "2412"]
[Annotator "NA RC"]
[PlyCount "107"]
[EventDate "2018.08.01"]
[EventType "swiss"]
[EventCountry "RUS"]
[SourceTitle "playchess.com"]
[Source "ChessBase"]
[SourceQuality "1"]
[TimeControl "5400+30"]

1. c4 {[%emt 0:09:25]} Nf6 {[%emt 0:00:00]} 2. Nf3 {[%emt 0:00:40]} c5 {[%emt 0:00:00]} 3. Nc3 {[%emt 0:01:13]} d5 {[%emt 0:00:10]} 4. cxd5 {[%emt 0:01:19]} Nxd5 {[%emt 0:00:11]} 5. e4 {[%emt 0:00:26]} Nb4 {[%emt 0:00:11]} 6. Bb5+ {[%emt 0:00:00]} N8c6 {[%emt 0:01:13]} 7. Ne5 {[%emt 0:05:41] A34: Symmetrical English: 2 Nc3, lines with ...d5} (7. O-O a6 8. Bxc6+ Nxc6 9. d3 Bg4 10. h3 Bxf3 11. Qxf3 g6 12. Be3 b6 13. e5 Nxe5 14. Qe4 Bg7 {0-1 (32) Kozul,Z (2613)-Bok,B (2598) Doha 2016}) 7... Bd7 {[%emt 0:06:21]} 8. Bxc6 $146 {[%emt 0:08:36]} ({Predecessor:} 8. Nxd7 Qxd7 9. O-O a6 10. Bxc6 Nxc6 11. Na4 Qd6 12. d3 Nd4 13. Be3 b5 14. Nc3 e6 {1-0 (50) Viktora,Z (2160)-Smrkta,F (2150) Czech Republic 1996}) 8... Nxc6 {[%emt 0:05:32]} 9. Nxc6 {[%emt 0:00:26]} Bxc6 {[%emt 0:00:07]} 10. d3 {[%emt 0:00:24]} e5 {[%emt 0:02:39]} 11. Be3 {[%emt 0:10:50]} Be7 {[%emt 0:01:11]} 12. O-O {[%emt 0:00:00]} O-O {[%emt 0:00:04]} 13. Qc2 {[%emt 0:00:42]} Qd7 {[%emt 0:01:33]} 14. Rfd1 {[%emt 0:01:20]} Rad8 {[%emt 0:10:37]} 15. f3 {[%emt 0:13:39]} b6 {[%emt 0:08:27]} 16. a4 {[%emt 0:04:44]} a5 {[%emt 0:00:20]} 17. b3 {[%emt 0:01:26]} g6 {[%emt 0:07:06]} 18. Nb1 {[%emt 0:01:41]} f5 {[%emt 0:05:08]} 19. Na3 {[%emt 0:00:11]} Qc7 {[%emt 0:12:45]} 20. Nc4 {[%emt 0:00:51]} Bd7 {[%emt 0:00:28]} 21. Bd2 {[%emt 0:00:26]} f4 {[%emt 0:02:38]} 22. Bc3 {[%emt 0:00:09]} Bf6 {[%emt 0:00:10]} 23. Qb2 {[%emt 0:00:53]} Rde8 {[%emt 0:00:26]} 24. Kf2 {[%emt 0:05:02]} g5 $11 {[%emt 0:05:20]} 25. h3 {[%emt 0:00:36]} Re6 {[%emt 0:02:22]} 26. Ke2 {[%emt 0:00:00]} Bg7 {[%emt 0:00:28]} 27. Rh1 {[%emt 0:02:41]} Rfe8 {[%emt 0:00:58]} 28. Rag1 {[%emt 0:00:31]} Rg6 {[%emt 0:01:08]} 29. g4 {[%emt 0:01:35]} fxg3 {[%emt 0:01:55]} 30. Rxg3 {[%emt 0:00:38]} Bf6 {[%emt 0:00:34]} 31. Rhg1 {[%emt 0:02:55]} h5 {[%emt 0:02:33]} 32. Ne3 {[%emt 0:07:18]} h4 {[%emt 0:01:12]} 33. Nd5 {[%emt 0:01:29]} Qd6 {[%emt 0:06:49]} 34. Rg4 {[%emt 0:00:49]} Bxg4 {[%emt 0:00:12]} 35. Rxg4 {[%emt 0:02:06]} Kf7 {[%emt 0:01:34]} 36. Bd2 {[%emt 0:02:03]} Rf8 {[%emt 0:00:59]} 37. Qc1 {[%emt 0:00:31]} Rfg8 {[%emt 0:01:21]} 38. Qc4 {[%emt 0:00:28]} Qe6 {[%emt 0:00:57]} 39. Bc3 {[%emt 0:00:29]} Kg7 {[%emt 0:02:35]} 40. f4 {[%emt 0:05:51]} Qc6 {[%emt 0:05:17]} 41. Nxf6 {[%emt 0:08:14]} Rxf6 {[%emt 0:01:43]} 42. Bxe5 {[%emt 0:01:10]} Kf8 {[%emt 0:03:53]} 43. Bxf6 {[%emt 0:00:05]} Qxf6 {[%emt 0:00:04]} 44. Qd5 {[%emt 0:00:37]} Qb2+ {[%emt 0:00:12]} 45. Kf3 {[%emt 0:00:41]} Qd2 {[%emt 0:01:04]} 46. Qf5+ {[%emt 0:00:49]} Ke8 {[%emt 0:00:50]} 47. Qe6+ {[%emt 0:00:17]} Kf8 {[%emt 0:00:04]} 48. Qf5+ {[%emt 0:01:11]} Ke8 {[%emt 0:00:00]} 49. Qe5+ {[%emt 0:00:34]} Kf7 {[%emt 0:00:50]} 50. fxg5 {[%emt 0:00:34]} Qxd3+ {[%emt 0:00:32]} 51. Kg2 {[%emt 0:00:07]} Rd8 {[%emt 0:02:13]} 52. Rf4+ {[%emt 0:00:00]} Kg8 {[%emt 0:00:07]} 53. Qe6+ {[%emt 0:00:00]} Kh8 {[%emt 0:00:09]} 54. Qh6+ {[%emt 0:00:32]} 1-0

[Event "Eurasia Open Cup 2018"]
[Site "Jekaterienburg"]
[Date "2018.08.03"]
[Round "3"]
[White "Marchuk, Rostislav"]
[Black "Fotin, Vladimir"]
[Result "1/2-1/2"]
[WhiteElo "2155"]
[BlackElo "2359"]
[Annotator "NA"]
[PlyCount "113"]
[EventDate "2018.08.01"]
[EventType "swiss"]
[EventCountry "RUS"]
[SourceTitle "playchess.com"]
[Source "ChessBase"]
[SourceQuality "1"]
[TimeControl "5400+30"]

1. d4 {[%emt 0:00:00]} Nf6 {[%emt 0:00:17]} 2. Nf3 {[%emt 0:00:25]} g6 {[%emt 0:00:18]} 3. c4 {[%emt 0:00:05]} Bg7 {[%emt 0:00:14]} 4. Nc3 {[%emt 0:00:01]} O-O {[%emt 0:00:40]} 5. Bg5 {[%emt 0:00:06]} d6 {[%emt 0:09:45]} 6. e3 {[%emt 0:00:14]} c6 {[%emt 0:01:08]} 7. Be2 {[%emt 0:02:05]} a6 {[%emt 0:00:18]} 8. h3 {[%emt 0:00:39]} b5 {[%emt 0:03:10]} 9. a3 {[%emt 0:00:27]} Nbd7 {[%emt 0:09:02]} 10. O-O {[%emt 0:01:39]} Nb6 {[%emt 0:04:06]} 11. Nd2 {[%emt 0:08:14]} Be6 {[%emt 0:15:25]} 12. b3 {[%emt 0:24:07]} Qc7 {[%emt 0:11:04]} 13. Qc2 {[%emt 0:04:45]} bxc4 {[%emt 0:01:32]} 14. bxc4 {[%emt 0:01:46]} Rab8 {[%emt 0:01:59]} 15. c5 {[%emt 0:10:45]} Nbd7 {[%emt 0:04:57]} 16. Bf4 {[%emt 0:02:22]} ({Reject} 16. Bxa6 $6 Qa7 $11) 16... Rfd8 {[%emt 0:03:07]} 17. Bh2 $16 {[%emt 0:07:18]} ({But not} 17. Bxa6 $6 Nh5 $14) 17... Nf8 {[%emt 0:06:38]} 18. Bxa6 {[%emt 0:06:41]} Qa5 {[%emt 0:06:44]} 19. cxd6 {[%emt 0:00:22]} exd6 {[%emt 0:00:15]} 20. Bc4 {[%emt 0:00:15]} c5 {[%emt 0:04:10]} 21. Nb3 {[%emt 0:07:14]} Qa7 {[%emt 0:00:42]} 22. d5 {[%emt 0:04:46]} Bc8 {[%emt 0:01:21]} 23. Qd3 {[%emt 0:03:04]} Ne8 {[%emt 0:01:53]} 24. Ra2 {[%emt 0:05:27]} Ba6 {[%emt 0:02:55]} 25. Bxa6 {[%emt 0:00:14]} Rxb3 {[%emt 0:00:18]} 26. Nb5 {[%emt 0:01:41]} Rxd3 {[%emt 0:00:16]} 27. Nxa7 {[%emt 0:00:10]} Rb3 {[%emt 0:01:52]} 28. Nc6 {[%emt 0:00:01]} Ra8 {[%emt 0:00:25]} 29. Be2 {[%emt 0:02:14]} Rbxa3 {[%emt 0:00:19]} 30. Rxa3 {[%emt 0:00:51]} Rxa3 {[%emt 0:00:34]} 31. Rb1 {[%emt 0:00:01]} Ra1 {[%emt 0:00:10]} 32. Ne7+ {[%emt 0:00:37]} Kh8 {[%emt 0:00:49]} 33. Rxa1 {[%emt 0:00:59]} Bxa1 {[%emt 0:00:10]} 34. Nc8 {[%emt 0:00:13]} Be5 {[%emt 0:00:09]} 35. f4 {[%emt 0:00:41]} Bb2 {[%emt 0:00:33]} 36. Bb5 {[%emt 0:02:06]} Nf6 {[%emt 0:00:28]} 37. Nxd6 {[%emt 0:00:34]} Nxd5 {[%emt 0:01:11]} 38. Kf2 {[%emt 0:00:28]} f5 {[%emt 0:00:12]} 39. Kf3 {[%emt 0:00:35]} h5 {[%emt 0:01:55]} 40. Bg3 {[%emt 0:00:43]} Bf6 {[%emt 0:00:36]} 41. Be1 {[%emt 0:00:50]} Nc3 {[%emt 0:00:43]} 42. Bc6 {[%emt 0:00:42]} Kh7 {[%emt 0:00:37]} 43. g4 {[%emt 0:00:53]} hxg4+ {[%emt 0:00:20]} 44. hxg4 {[%emt 0:00:59]} fxg4+ {[%emt 0:00:16]} 45. Kxg4 {[%emt 0:00:01]} Ne6 {[%emt 0:00:41]} 46. e4 {[%emt 0:00:00]} Ne2 {[%emt 0:00:37]} 47. Bd2 {[%emt 0:01:07]} Bc3 {[%emt 0:00:34]} 48. f5 {[%emt 0:00:51]} gxf5+ {[%emt 0:00:49]} 49. exf5 {[%emt 0:00:54]} N6d4 {[%emt 0:00:52]} 50. Bxc3 {[%emt 0:00:02]} Nxc3 {[%emt 0:00:18]} 51. Ba8 {[%emt 0:00:47]} Ncb5 {[%emt 0:00:05]} 52. Nc4 {[%emt 0:00:47]} Nc7 {[%emt 0:00:41]} 53. Be4 {[%emt 0:00:22]} Kg7 {[%emt 0:00:48]} 54. Nd6 {[%emt 0:00:32]} Kf6 {[%emt 0:00:17]} 55. Kf4 {[%emt 0:00:35]} Ne2+ {[%emt 0:00:18]} 56. Ke3 {[%emt 0:00:16]} Nd4 {[%emt 0:00:32]} 57. Kf4 {[%emt 0:00:12]} 1/2-1/2

[Event "Eurasia Open Cup 2018"]
[Site "Jekaterienburg"]
[Date "2018.08.03"]
[Round "3"]
[White "Zhukov, Ivan"]
[Black "Pozin, Sergey"]
[Result "1-0"]
[WhiteElo "2061"]
[BlackElo "2294"]
[Annotator "NA"]
[PlyCount "64"]
[EventDate "2018.08.01"]
[EventType "swiss"]
[EventCountry "RUS"]
[SourceTitle "playchess.com"]
[Source "ChessBase"]
[SourceQuality "1"]
[TimeControl "5400+30"]

1. e4 {[%emt 0:00:00]} c5 {[%emt 0:02:38]} 2. Nf3 {[%emt 0:00:02]} d6 {[%emt 0:00:03]} 3. d4 {[%emt 0:00:02]} cxd4 {[%emt 0:00:04]} 4. Nxd4 {[%emt 0:00:01]} Nf6 {[%emt 0:00:02]} 5. Nc3 {[%emt 0:01:57]} Nc6 {[%emt 0:00:02]} 6. Bg5 {[%emt 0:00:02]} Bd7 {[%emt 0:00:01]} 7. Qd2 {[%emt 0:03:57]} a6 {[%emt 0:02:23]} 8. O-O-O {[%emt 0:07:59]} e6 {[%emt 0:00:02]} 9. f3 {[%emt 0:04:31]} Rc8 {[%emt 0:04:05]} 10. Kb1 {[%emt 0:00:04]} h6 {[%emt 0:07:28] B67: Sicilian: Richter-Rauzer: 7...a6 8 0-0-0 Bd7, lines without 9 f4 Be7} (10... Be7 11. Be3 h5 12. Nxc6 Bxc6 13. Ne2 d5 14. e5 Nd7 15. f4 Bb5 16. Nd4 Bxf1 17. Rhxf1 g6 18. Rf3 {1-0 (45) Aravindh,C (2586)-Kozul,Z (2607) Sitges 2017}) 11. Be3 {[%emt 0:01:17]} Nxd4 {[%emt 0:04:13]} 12. Bxd4 {[%emt 0:00:02]} e5 $146 {[%emt 0:03:54]} ({Predecessor:} 12... Bc6 13. Qe3 Nd7 14. Nd5 Bxd5 15. exd5 e5 16. b3 Be7 17. Bb2 Qc7 18. Bd3 {1-0 (40) Batceceg,T (2240)-Wagner Michel,A (2250) Novi Sad 1990}) 13. Be3 {[%emt 0:00:02]} b5 {[%emt 0:06:23]} 14. g4 {[%emt 0:01:26]} Be6 {[%emt 0:18:08]} 15. Nd5 {[%emt 0:11:10]} Bxd5 {[%emt 0:00:02]} 16. exd5 {[%emt 0:00:02]} Be7 {[%emt 0:00:01]} 17. h4 {[%emt 0:00:59]} Nd7 {[%emt 0:05:12]} 18. Qf2 {[%emt 0:00:01]} Nc5 {[%emt 0:04:23]} 19. Bd3 {[%emt 0:03:24]} ({Günstiger ist} 19. f4 $16) 19... Qc7 {[%emt 0:03:16]} 20. Bf5 {[%emt 0:15:15]} Rb8 {[%emt 0:00:02]} 21. Bxc5 {[%emt 0:02:02]} (21. f4 $18) 21... dxc5 $14 {[%emt 0:06:03]} 22. Be4 {[%emt 0:00:02]} Rd8 {[%emt 0:16:07]} 23. c3 {[%emt 0:00:02]} O-O {[%emt 0:04:32]} 24. Qe3 {[%emt 0:02:01]} c4 {[%emt 0:00:01]} 25. Bc2 {[%emt 0:01:30]} g6 {[%emt 0:00:01]} 26. Qxh6 {[%emt 0:05:59]} Bf6 {[%emt 0:00:02]} 27. h5 {[%emt 0:02:05]} Bg7 {[%emt 0:00:01]} 28. Qg5 {[%emt 0:00:03]} Rd6 {[%emt 0:02:29]} 29. hxg6 {[%emt 0:00:19]} fxg6 {[%emt 0:00:02]} 30. Bxg6 {[%emt 0:00:01]} Rxf3 {[%emt 0:00:02]} 31. Bf5 {[%emt 0:01:24]} Rf6 {[%emt 0:01:38]} 32. Be6+ {[%emt 0:08:53]} Kf8 {[%emt 0:00:01]} 1-0